000 01532naa a22003857a 4500
001 BR8708336
003 BR-BrBNA
005 20250721154541.0
007 ta
008 250630b bl.|||m| |||| 00| 0 por d
040 _aBR-BrBNA
_bpor
_cBiblioteca Nacional de Agricultura
041 _a(Pt)
072 _aF30
_b0120
090 _aF30 BR8708336
100 1 _aSawazaki, E.
100 1 _aFerreira, S.
100 1 _aLevi, J.L.
100 1 _aVenturelli Neto, E.
100 1 _aInada, I.
100 1 _aVechio, W.A. de
100 1 _aMiranda, L.T. de
100 1 _aMaeda, J.A.
111 1 _a15. Congresso Nacional de Milho e Sorgo
_cMaceio, AL (Brazil)
_d2 Jul 1986
245 1 _aTeste regional de cultivares de milho em parcelas com e sem bordadura
246 1 _aRegional testing of maize cultivars in plots with and without border rows
246 1 _a[Annals of the 15th Maize and Sorghum National Congress]
500 _aAnais do 15. Congresso Nacional de Milho e Sorgo Brasilia, DF (Brasil): Empresa Brasileira de Pesquisa Agropecuaria. Departamento de Difusao de Tecnologia, 1986. p. 161-168 [6 tables; 6 ref.; Summaries (En, Pt)] (BR8708336-AMS)
773 0 _tAnais do 15. Congresso Nacional de Milho e Sorgo
_wF30 BR8708336
_gBrasilia, DF (Brasil), 1986. p. 161-168
650 _aMILHO
650 _aVARIEDADE
650 _aCOMPETICAO DE VARIEDADE
490 _aDocumentos - Centro Nacional de Pesquisa de Milho e Sorgo (Brazil)
_vno. 5
942 _cAMS
_2AGRIS
909 _a202506
_bLúcia
_c55
_dLúcia Elande
999 _c335578
_d335578